[Event "Sao Paulo Pascoa op"]
[Site "Sao Paulo"]
[Date "2024.03.30"]
[Round "3"]
[White "Gilly, Leonardo Silva"]
[Black "Sant Anna, Erico Besteti Pires"]
[Result "1-0"]
[WhiteElo "1800"]
[BlackElo "1609"]
[PlyCount "57"]
[EventDate "2024.03.29"]
[EventType "swiss"]
[EventRounds "6"]
[EventCountry "BRA"]
[SourceTitle "CB14_2024"]
[SourceDate "2024.04.01"]
[SourceVersion "1"]
[SourceVersionDate "2024.04.01"]
[SourceQuality "1"]

1. e4 e6 2. d4 d5 3. Nc3 Nf6 4. e5 Nfd7 5. Nf3 c5 6. Be3 cxd4 7. Bxd4 Nc6 8. Bb5 a6 9. Ba4 Nxd4 10. Nxd4 Bc5 11. Bxd7+ Bxd7 12. 0-0 Qh4 13. Nf3 Qb4 14. Rb1 0-0 15. Qd2 Bc6 16. a3 Qb6 17. b4 Be7 18. Ne2 f6 19. Ng3 Rac8 20. c3 a5 21. b5 Bxb5 22. a4 Rc5 23. Rxb5 Rxb5 24. axb5 Qxb5 25. Nd4 Qd7 26. Rb1 fxe5 27. Nf3 e4 28. Nxe4 b5 29. Ng3 1-0

[Event "Pindamonhangaba Rezende Memorial"]
[Site "Pindamonhangaba"]
[Date "2023.08.04"]
[Round "2"]
[White "Sant Anna, Erico Besteti Pires"]
[Black "Da Silva, Lucas Pereira Mende"]
[Result "0-1"]
[WhiteElo "1383"]
[BlackElo "1974"]
[PlyCount "74"]
[EventDate "2023.08.04"]
[EventType "swiss"]
[EventRounds "6"]
[EventCountry "BRA"]
[SourceTitle "CBM 215 Extra"]
[Source "ChessBase"]
[SourceDate "2023.09.30"]
[SourceVersion "1"]
[SourceVersionDate "2023.09.30"]
[SourceQuality "1"]

1. e4 e5 2. Nf3 Nc6 3. Bb5 a6 4. Ba4 Nf6 5. 0-0 b5 6. Bb3 Bc5 7. d3 d6 8. c3 Bg4 9. Nbd2 0-0 10. Re1 Kh8 11. Nf1 Bb6 12. Ng3 Na5 13. Bc2 c5 14. h3 Bc8 15. Be3 Ng8 16. Qd2 Ne7 17. b4 Nac6 18. a4 Rb8 19. axb5 axb5 20. Bb3 f5 21. exf5 Nxf5 22. Bg5 Qe8 23. Ne4 Qg6 24. bxc5 dxc5 25. Kh1 Qh5 26. Kh2 Qe8 27. Nh4 b4 28. Nxf5 Bxf5 29. Nd6 bxc3 30. Qxc3 Qg6 31. Nxf5 Qxg5 32. Bd5 Nb4 33. Be6 Rxf5 34. Bxf5 Qxf5 35. Rxe5 Bc7 36. Rae1 Nxd3 37. g3 Bxe5 0-1

[Event "BRA-ch Amateur U1600"]
[Site "Sao Paulo"]
[Date "2022.06.19"]
[Round "7"]
[White "Sant Anna, Erico Besteti Pires"]
[Black "De Oliveira, Tobias Luiz Carvalh"]
[Result "1/2-1/2"]
[WhiteElo "1368"]
[BlackElo "1158"]
[PlyCount "107"]
[EventDate "2022.06.16"]
[EventType "swiss"]
[EventRounds "7"]
[EventCountry "BRA"]
[SourceTitle "CBM 208 Extra"]
[Source "ChessBase"]
[SourceDate "2022.07.31"]
[SourceVersion "1"]
[SourceVersionDate "2022.07.31"]
[SourceQuality "1"]

1. e4 c5 2. Nf3 Nc6 3. d4 cxd4 4. Nxd4 g6 5. c4 Bg7 6. Be3 Nf6 7. Nc3 0-0 8. Be2 d6 9. 0-0 Ng4 10. Nxc6 Nxe3 11. Nxd8 Nxd1 12. Raxd1 Rxd8 13. Nd5 Kf8 14. b4 e6 15. Nc7 Rb8 16. Nb5 Ke7 17. Nxa7 Bd7 18. b5 Ra8 19. b6 Ba4 20. Rd2 Bc3 21. Rd3 Ba5 22. Nb5 Bxb5 23. cxb5 Bxb6 24. Rd2 d5 25. e5 Ra3 26. Rc1 Rda8 27. Rcc2 f6 28. exf6+ Kxf6 29. h3 d4 30. Bc4 Rc3 31. Bb3 Rxc2 32. Rxc2 d3 33. Rd2 Rd8 34. Bc4 e5 35. Rxd3 e4 36. Rxd8 Bxd8 37. Bd5 Ke5 38. Bxb7 Bb6 39. a4 Kf4 40. Kf1 e3 41. fxe3+ Kxe3 42. Bd5 g5 43. Be6 h6 44. Kg1 Ke2+ 45. Kh2 Bc7+ 46. g3 Kf2 47. Kh1 Kxg3 48. Kg1 Bb6+ 49. Kf1 Kf3 50. Bg4+ Ke3 51. Kg2 Ke4 52. Bd1 Kf4 53. Bf3 Bc7 54. Kf2 1/2-1/2

[Event "BRA-ch Amateur U1600"]
[Site "Sao Paulo"]
[Date "2022.06.18"]
[Round "6"]
[White "De Oliveira, Julio Cesar Marino"]
[Black "Sant Anna, Erico Besteti Pires"]
[Result "0-1"]
[WhiteElo "1800"]
[BlackElo "1368"]
[PlyCount "89"]
[EventDate "2022.06.16"]
[EventType "swiss"]
[EventRounds "7"]
[EventCountry "BRA"]
[SourceTitle "CBM 208 Extra"]
[Source "ChessBase"]
[SourceDate "2022.07.31"]
[SourceVersion "1"]
[SourceVersionDate "2022.07.31"]
[SourceQuality "1"]

1. e4 e6 2. d4 d5 3. e5 c5 4. c3 Nc6 5. Nf3 cxd4 6. cxd4 Nge7 7. Bg5 h6 8. Bh4 g5 9. Bg3 Nf5 10. Bb5 Nxg3 11. fxg3 Bd7 12. 0-0 Qb6 13. Qb3 a6 14. Bxc6 Qxc6 15. Nbd2 Rc8 16. Ne1 b5 17. Qf3 Rh7 18. Nd3 Qb6 19. Nb3 a5 20. Rac1 Rc4 21. Ndc5 Bc8 22. Qd3 Rh8 23. Nd2 Bxc5 24. Nxc4 Bxd4+ 25. Ne3 Bxe3+ 26. Kh1 Bxc1 27. Rxc1 Kd7 28. Qf3 Rh7 29. Qe2 b4 30. h4 Ba6 31. Qc2 Rg7 32. Qd2 Rg6 33. Kh2 d4 34. Qf2 Ke8 35. Qf3 Bb7 36. Qf2 gxh4 37. g4 Rxg4 38. Kh3 Rxg2 39. Qf6 d3 40. Qh8+ Kd7 41. Qxh6 Qd4 42. Qxh4 Qxh4+ 43. Kxh4 d2 44. Rd1 Bf3 45. Kh3 0-1